| 000 | 01911cam a2200265 4500500 | ||
|---|---|---|---|
| 005 | 20260322003904.0 | ||
| 041 | _afre | ||
| 042 | _adc | ||
| 100 | 1 | 0 |
_aDussuet, Annie _eauthor |
| 700 | 1 | 0 |
_aLedoux, Clémence _eauthor |
| 245 | 0 | 0 | _aLe rôle des proches dans les plans d’aide de l’Apa à domicile |
| 260 | _c2023. | ||
| 500 | _a83 | ||
| 520 | _aLes plans d’aide élaborés par les agents et agentes des départements déterminent le montant de l’allocation personnalisée pour l’autonomie (Apa) à domicile. En donnant accès à des services payants, ils semblent a priori permettre un certain désengagement des proches aidants et aidantes. Une enquête de terrain réalisée auprès d’agents et agentes d’un département français en charge de l’élaboration de ces plans montre au contraire qu’ils tiennent compte de l’éventuelle intervention des proches et constituent ainsi, de fait, un cadre de répartition du travail d’aide entre proches et professionnelles. L’enquête permet aussi de comprendre les normes et principes des agents et agentes et pourquoi l’Apa n’aboutit pas à décharger les proches de leur fardeau, notamment en entretenant le principe selon lequel le travail d’aide et d’accompagnement serait un devoir et irait de soi pour les femmes, renforçant ainsi les inégalités entre les femmes et les hommes. | ||
| 690 | _aaide à domicile | ||
| 690 | _aaide formelle | ||
| 690 | _aaide informelle | ||
| 690 | _aallocation personnalisée pour l’autonomie (Apa) | ||
| 690 | _acare | ||
| 690 | _ainégalités entre les sexes | ||
| 690 | _aperte d’autonomie des personnes âgées | ||
| 690 | _apolitiques publiques du vieillissement | ||
| 786 | 0 | _nInformations sociales | 208 | 4 | 2023-05-03 | p. 100-108 | 0046-9459 | |
| 856 | 4 | 1 | _uhttps://shs.cairn.info/revue-informations-sociales-2022-4-page-100?lang=fr&redirect-ssocas=7080 |
| 999 |
_c1735864 _d1735864 |
||